000 01231nam a2200241 a 4500
003 AM-YEHGA
005 20250617160845.0
008 180301s1961 ru |||||r|||||001|0|rus||
040 _aAM-YeHGA
041 0 _arus
100 1 _aЛейкина-Свирская, Вера Романовна
245 1 0 _aСтолетие первой революционной ситуации и падения крепостного права в России /
_cВ.А. Лейкина-Свирская ; О-во по распространению полит. и науч. знаний РСФСР, Ленингр. отд-ние.
260 _aЛенинград :
_bБ. и.,
_c1961.
300 _a66 с. ;
_c20 см.
504 _aБиблиогр. в подстроч. примеч.
650 1 4 _aИстория России
653 0 _aКрестьянская реформа в России 1861 г.
653 0 _aРеволюционное движение в России - 19 в.
710 2 _aОщество по распространению политических и научных знаний РСФСР.
_bЛенинградское отделение
942 _2udc
_cBK
001 1306357
090 _c464384
999 _c461280
_d461280